[Event "II Duchamp Open 2018"]
[Site "Rio de Janeiro"]
[Date "2018.11.17"]
[Round "4"]
[White "Romanishin, Oleg M"]
[Black "Perdomo, Leandro"]
[Result "1-0"]
[WhiteElo "2435"]
[BlackElo "2476"]
[Annotator "TA"]
[PlyCount "89"]
[EventDate "2018.11.14"]
[EventType "swiss"]
[EventCountry "BRA"]
[SourceTitle "playchess.com"]
[Source "ChessBase"]
[SourceQuality "1"]

{[%evp 16,89,22,21,27,27,47,45,50,42,58,50,69,65,79,74,79,80,88,57,81,44,46,58,64,65,64,61,62,43,111,111,177,136,132,114,153,142,146,135,121,96,91,85,170,141,137,134,250,254,488,489,468,460,440,135,29984,29985,29985,856,29986,29987,29987,29988,29988,29989,29989,29990,29990,29991,29994,29995,29997,29998,29998,29999]} 1. d4 Nf6 2. Nf3 g6 3. g3 Bg7 4. Bg2 O-O 5. O-O d6 6. c4 Nbd7 7. d5 Nc5 8. Be3 a5 9. Nc3 {LiveBook: 5 Games} Nfd7 {E60: King's Indian: Unusual lines and Fianchetto Variation without Nc3} 10. Rc1 e5 11. dxe6 $1 Nxe6 $146 {White is slightly better.} ({Predecessor:} 11... fxe6 12. b3 Qe7 13. Qd2 Na6 14. Nb5 Ndc5 15. Ng5 Bd7 16. Rfd1 Bc6 17. Qxa5 {1-0 (41) Romanishin,O (2600)-Syrtlanov,V (2410) Koszalin 1998}) 12. Nd4 Ne5 13. Nxe6 Bxe6 14. b3 $1 ({But not} 14. Bxb7 Rb8 $15) 14... Nc6 15. Qd2 Re8 16. Bh6 Bh8 17. Rfd1 Qe7 18. Bg5 Bxc3 $1 19. Rxc3 f6 20. Be3 a4 21. b4 Nxb4 22. Bxb7 Rab8 ({Better is} 22... Rad8 $1 $14) 23. Bf3 Qf7 (23... Qd7 $16) 24. a3 Na6 25. Qc2 Rb3 26. Rxb3 axb3 27. Qxb3 Bxc4 28. Qc3 $36 {[%mdl 2048] White is really pushing.} d5 29. Qa5 {[%cal Rd1d5]} c6 {[#]} (29... Rd8 $16) 30. Rb1 $1 $18 Nb8 31. Bd4 Nd7 (31... Qe7 $16 32. Qa8 Nd7 33. Qxc6 Qe6 34. Qxe6+ Rxe6) 32. Rb7 Qe6 $2 (32... Rb8 33. Rxb8+ Nxb8 34. Qd8+ Qf8) 33. Qc7 Re7 34. Qd8+ Kf7 35. Qh8 $2 (35. Ra7 $18) 35... Qh3 $2 {[%mdl 8192] [#]} (35... Bxe2 $16 36. Qxh7+ Kf8 37. Qh8+ Kf7 38. Rxd7 Bxf3 39. Qh7+ Ke8 40. Rxe7+ Qxe7 41. Qxg6+ Kf8) 36. Rxd7 $1 {[%mdl 512]} Rxd7 37. Qxf6+ Kg8 38. Qh8+ {White mates.} Kf7 39. Qg7+ Ke8 {[#]} 40. Qg8+ $1 Ke7 41. Bc5+ Kf6 42. Qf8+ Ke6 43. Qe8+ Kf6 44. Bd4+ Kg5 45. Qe3+ {Precision: White = 79%, Black = 23%.} 1-0

[Event "II Duchamp Open 2018"]
[Site "Rio de Janeiro"]
[Date "2018.11.17"]
[Round "4"]
[White "Von Buelow, Georg"]
[Black "Rodriguez Vila, Andres"]
[Result "1/2-1/2"]
[WhiteElo "2354"]
[BlackElo "2482"]
[Annotator "TA"]
[PlyCount "169"]
[EventDate "2018.11.14"]
[EventType "swiss"]
[EventCountry "BRA"]
[SourceTitle "playchess.com"]
[Source "ChessBase"]
[SourceQuality "1"]

{[%evp 19,169,29,55,54,75,61,113,121,137,116,147,147,142,145,143,138,150,145,169,170,154,96,85,0,0,-48,-37,-37,-37,-46,-41,-32,-53,-47,-39,-55,-42,-96,11,0,7,14,0,-7,-7,-7,-3,-7,-8,-8,-6,-25,-12,-10,-8,-9,-8,-8,-8,-8,-8,-8,-8,-8,-8,-8,-3,-3,-3,-18,8,8,8,8,8,8,10,10,22,0,0,0,0,0,0,0,0,0,0,0,0,0,0,0,0,0,0,0,0,-8,0,-15,-15,-15,-15,-15,-14,-14,0,-15,-15,-15,0,-15,-15,-15,-15,-15,-15,-15,-15,-15,-15,-15,0,-15,-8,-14,-8,-8,-8,-8,-8,-8,-8,-8,-8,-8,-8,-8,-8,-15,-15,-15,-15,-15,-15,-15,-15,-15,-15,-15]} 1. Nf3 d6 2. d4 g6 3. g3 Bg7 4. Bg2 f5 5. O-O Nf6 6. b3 O-O 7. Bb2 a5 8. c4 c6 9. Nbd2 a4 {A87: Dutch Defence: Leningrad System: 5 Nf3} (9... Na6 10. a3 Re8 11. Qc2 Qc7 12. e4 fxe4 13. Nxe4 Nxe4 14. Qxe4 Bf5 15. Qe3 e5 16. dxe5 dxe5 17. Ng5 Bh6 18. h4 {0-1 (55) Georgiev,K (2596)-Cheparinov,I (2693) Kozloduy 2018}) 10. Qc2 Na6 {LiveBook: 4 Games} 11. bxa4 Kh8 $146 {White is slightly better.} ({Predecessor:} 11... c5 12. d5 Nb4 13. Qb3 h6 14. Bc3 Qe8 15. a5 g5 16. a3 Na6 17. Rfe1 {½-½ (60) Bagaturov,G (2396)-Zeynalov,R (2318) Mersin 2018}) 12. Bc3 Be6 (12... Nd7 $14) 13. Rab1 Rb8 14. Rb3 Qd7 15. Ng5 Bg8 16. Rfb1 d5 17. c5 Ne4 18. Ngxe4 fxe4 19. e3 e5 20. Qb2 (20. Rb6 $142) 20... exd4 $16 21. Bxd4 (21. exd4 $16 Be6 22. a3 (22. Rxb7 Rxb7 23. Qxb7 Nxc5 $14)) 21... Nxc5 $1 $11 22. Rb6 (22. Rb4 {keeps more tension.} Ra8 23. Bxc5 Bxb2 24. R1xb2 Qf5 25. Bd4+) 22... Nxa4 23. Bxg7+ Qxg7 24. Qxg7+ Kxg7 25. Rxb7+ Rxb7 26. Rxb7+ Rf7 27. Rb8 Ra7 28. Rc8 (28. Rb3 $15) 28... Ra6 ({Better is} 28... c5 $17 {And now ...c4 would win.} 29. Nb3 c4) 29. Nb3 Be6 30. Rc7+ Kf6 31. f3 exf3 32. Bxf3 h5 33. e4 Ke5 34. exd5 cxd5 35. Rc2 Bf5 36. Re2+ {The position is equal.} Be4 37. Bxe4 $1 Nc3 38. Bd3+ Nxe2+ 39. Bxe2 Rxa2 40. Kf2 $1 Rc2 {[#] Threatens to win with ...Ke4.} 41. Ke1 Ke4 {White must now prevent ...Ke3.} 42. Nd2+ Ke3 43. Nf1+ Kd4 44. h4 Kc3 45. Ne3 Rc1+ 46. Kf2 d4 47. Nd5+ Kd2 48. Nf4 Rc5 49. Bd3 g5 50. hxg5 Rxg5 51. Be2 Kc3 52. Bxh5 d3 {[#] aiming for ...Rxh5!} 53. Bf3 $1 d2 54. g4 Re5 55. Ne2+ Kd3 56. Nf4+ Kc2 57. Ng2 Re8 58. Ne3+ Kc1 59. Nc4 Rf8 60. Nxd2 (60. Ne3 {is more complex.} Re8) 60... Kxd2 {[%mdl 4096] Endgame KR-KB} 61. Kg3 Ke3 62. Bd5 Rf1 63. Bg2 Rf8 64. Bd5 Rd8 65. Bf3 Rf8 66. Bd5 Kd4 67. Bf3 Ke5 68. Bd1 Rc8 69. Ba4 Rc3+ 70. Kh4 Kf4 71. Bd7 Ke5 (71... Rc1 {with more complications.} 72. Kh5 Rc7 73. Be6 Ke5 74. Bg8 Rc8) 72. Kg5 Ra3 73. Bf5 Ra8 74. Kg6 Rg8+ 75. Kf7 Rb8 76. Kg6 Rb7 77. Bc8 $1 {[%cal Rc8b7]} Ra7 78. Bf5 Rc7 79. Bd3 Rc6+ 80. Kg5 Rc8 81. Bf5 Rg8+ 82. Kh4 Kf6 83. Kg3 Kg5 84. Kf3 Re8 85. Bd7 {Precision: White = 65%, Black = 56%.} 1/2-1/2

[Event "II Duchamp Open 2018"]
[Site "Rio de Janeiro"]
[Date "2018.11.17"]
[Round "4"]
[White "Menna Barreto, Felipe Kubiaki"]
[Black "Brito, Luismar"]
[Result "1-0"]
[WhiteElo "2342"]
[BlackElo "2349"]
[Annotator "NA"]
[PlyCount "93"]
[EventDate "2018.11.14"]
[EventType "swiss"]
[EventCountry "BRA"]
[SourceTitle "playchess.com"]
[Source "ChessBase"]
[SourceQuality "1"]
[TimeControl "5400+30"]

1. Nf3 {[%emt 0:00:00]} c5 {[%emt 0:00:26]} 2. c4 {[%emt 0:00:01]} Nc6 {[%emt 0:00:06]} 3. Nc3 {[%emt 0:00:21]} b6 {[%emt 0:00:07] A35: Symmetrical English: 2 Nc3 Nc6 3 Nf3} (3... g6 4. e3 Nf6 5. d4 cxd4 6. exd4 d5 7. cxd5 Nxd5 8. Qb3 Nxc3 9. Bc4 e6 10. bxc3 Bd7 11. Bb5 a6 12. Be2 Na5 13. Qb1 Rc8 14. O-O f6 15. c4 b6 16. c5 bxc5 17. dxc5 Bxc5 18. Bxa6 Rb8 {1-0 (34) Svidler,P (2756)-Shankland,S (2722) Hoogeveen 2018}) 4. e3 {[%emt 0:00:58]} Nf6 {[%emt 0:02:17]} 5. d4 {[%emt 0:00:30]} g6 {[%emt 0:01:24]} 6. d5 {[%emt 0:01:39]} Na5 {[%emt 0:00:24]} 7. e4 {[%emt 0:01:21]} d6 {[%emt 0:00:21]} 8. Be2 {[%emt 0:01:58]} Bg7 {[%emt 0:00:13]} 9. O-O {[%emt 0:00:14]} O-O {[%emt 0:00:08]} 10. Bd2 $146 {[%emt 0:02:35]} ({Predecessor:} 10. h3 Nd7 11. Bf4 Ne5 12. Nxe5 dxe5 13. Be3 f5 14. exf5 gxf5 {1-0 (30) Lang,Z (2246)-Lichtenstern,C (2181) Bayern 2015}) 10... Nd7 {[%emt 0:03:07]} 11. b3 {[%emt 0:03:20]} Ne5 {[%emt 0:06:34]} 12. Ne1 {[%emt 0:01:47]} f5 {[%emt 0:00:18]} 13. exf5 {[%emt 0:03:20]} Bxf5 {[%emt 0:02:01]} 14. Nf3 {[%emt 0:11:21]} Nxf3+ {[%emt 0:09:42]} 15. Bxf3 {[%emt 0:00:21]} a6 {[%emt 0:01:34]} 16. Qe2 {[%emt 0:04:16]} Ra7 {[%emt 0:01:00]} 17. Rae1 {[%emt 0:02:17]} h6 {[%emt 0:04:22]} 18. Bg4 {[%emt 0:11:44]} Kh7 {[%emt 0:00:23]} 19. h4 {[%emt 0:05:09]} Qd7 {[%emt 0:05:05]} 20. Bf3 {[%emt 0:02:02]} Qe8 {[%emt 0:02:39]} 21. Ne4 {[%emt 0:02:58]} Qf7 {[%emt 0:05:06]} 22. h5 {[%emt 0:06:09]} Be5 {[%emt 0:01:52]} 23. Ng3 {[%emt 0:03:51]} Qg7 {[%emt 0:01:49]} 24. Be4 {[%emt 0:05:43]} Rc7 {[%emt 0:04:54]} 25. hxg6+ {[%emt 0:01:51]} Bxg6 {[%emt 0:00:06]} 26. Nh5 {[%emt 0:00:37]} Qf7 {[%emt 0:00:17]} 27. Qe3 {[%emt 0:00:43]} Bg7 {[%emt 0:01:05]} 28. Nf4 {[%emt 0:00:28]} (28. Qh3 $142) 28... Qxf4 {[%emt 0:04:35]} 29. Qxf4 {[%emt 0:00:57]} Rxf4 {[%emt 0:00:04]} 30. Bxf4 {[%emt 0:00:35]} b5 {[%emt 0:00:31]} 31. Bd2 {[%emt 0:00:59]} b4 {[%emt 0:00:34]} 32. Bxg6+ {[%emt 0:00:28]} Kxg6 {[%emt 0:00:04]} 33. Re6+ {[%emt 0:00:52]} Bf6 {[%emt 0:00:09]} 34. g4 {[%emt 0:02:11]} Nb7 {[%emt 0:00:14]} 35. f4 {[%emt 0:00:12]} Nd8 {[%emt 0:00:08]} 36. Re4 {[%emt 0:00:23]} a5 {[%emt 0:00:26]} 37. Kg2 {[%emt 0:00:42]} a4 {[%emt 0:00:12]} 38. g5 {[%emt 0:02:01]} ({Resist} 38. bxa4 Ra7 $18) 38... hxg5 {[%emt 0:00:47]} 39. fxg5 {[%emt 0:00:14]} Bg7 {[%emt 0:00:34]} 40. Rfe1 {[%emt 0:02:22]} Bf8 {[%emt 0:01:28]} 41. Bf4 {[%emt 0:04:10]} Nf7 {[%emt 0:02:43]} 42. Kf3 {[%emt 0:01:00]} Ra7 {[%emt 0:01:25]} 43. Kg4 {[%emt 0:01:26]} axb3 {[%emt 0:00:42]} 44. axb3 {[%emt 0:00:02]} Ra2 {[%emt 0:00:11]} 45. Re6+ {[%emt 0:00:32]} Kg7 {[%emt 0:00:35]} 46. Kf5 {[%emt 0:01:00]} Rf2 $18 {[%emt 0:01:31]} 47. Rg6+ {[%emt 0:00:18]} 1-0

[Event "II Duchamp Open 2018"]
[Site "Rio de Janeiro"]
[Date "2018.11.17"]
[Round "4"]
[White "Rodi, Luis Ernesto"]
[Black "Lebredo Zaragoitia, Gerardo"]
[Result "1-0"]
[WhiteElo "2327"]
[BlackElo "2139"]
[Annotator "ChessBase"]
[PlyCount "43"]
[EventDate "2018.11.14"]
[EventType "swiss"]
[EventCountry "BRA"]
[SourceTitle "playchess.com"]
[Source "ChessBase"]
[SourceQuality "1"]
[TimeControl "5400+30"]

1. e4 {[%emt 0:00:00]} c5 {[%emt 0:00:04]} 2. Nf3 {[%emt 0:00:00]} e6 {[%emt 0:00:57]} 3. d4 {[%emt 0:00:17]} cxd4 {[%emt 0:00:11]} 4. Nxd4 {[%emt 0:00:05]} a6 {[%emt 0:00:29]} 5. c4 {[%emt 0:00:45]} Nf6 {[%emt 0:01:03]} 6. Nc3 {[%emt 0:00:09]} Qc7 {[%emt 0:01:30]} 7. Be2 {[%emt 0:00:19]} Bb4 {[%emt 0:01:37]} 8. Nc2 {[%emt 0:00:15]} Bxc3+ {[%emt 0:19:44]} 9. bxc3 {[%emt 0:00:33]} Nc6 {[%emt 0:08:20]} 10. f3 {[%emt 0:00:36]} Qe5 {[%emt 0:09:08]} 11. O-O {[%emt 0:03:22]} Qxc3 {[%emt 0:13:47]} 12. Ba3 {[%emt 0:33:34]} d5 {[%emt 0:24:39]} 13. exd5 exd5 14. cxd5 {[%emt 0:07:03]} Nxd5 {[%emt 0:01:20]} 15. Qxd5 {[%emt 0:00:59]} Qxc2 {[%emt 0:00:12]} 16. Bd3 {[%emt 0:21:48]} Qc3 {[%emt 0:01:15]} 17. Rae1+ {[%emt 0:01:14]} Be6 {[%emt 0:00:38]} 18. Bc5 {[%emt 0:00:36]} Ne7 {[%emt 0:02:25]} 19. Qd6 {[%emt 0:03:21]} O-O {[%emt 0:01:09]} 20. Rc1 {[%emt 0:00:13]} Qa5 {[%emt 0:08:35]} 21. Qxe7 {[%emt 0:00:27]} Rac8 {[%emt 0:02:35]} 22. Qh4 {[%emt 0:01:12]} 1-0

[Event "II Duchamp Open 2018"]
[Site "Rio de Janeiro"]
[Date "2018.11.17"]
[Round "4"]
[White "Guimaraes, Diogo Duarte"]
[Black "Almeida, Gianluca Jorio"]
[Result "0-1"]
[WhiteElo "2272"]
[BlackElo "2109"]
[Annotator "ChessBase"]
[PlyCount "70"]
[EventDate "2018.11.14"]
[EventType "swiss"]
[EventCountry "BRA"]
[SourceTitle "playchess.com"]
[Source "ChessBase"]
[SourceQuality "1"]
[TimeControl "5400+30"]

1. e4 {[%emt 0:26:13]} c5 {[%emt 0:00:00]} 2. Nf3 {[%emt 0:00:03]} e6 {[%emt 0:00:00]} 3. d4 {[%emt 0:00:15]} cxd4 {[%emt 0:00:00]} 4. Nxd4 {[%emt 0:00:03]} a6 {[%emt 0:00:00]} 5. Nc3 {[%emt 0:00:12]} Qc7 {[%emt 0:00:00]} 6. Be3 {[%emt 0:00:27]} Nf6 {[%emt 0:00:30]} 7. Bd3 {[%emt 0:04:32]} Bb4 {[%emt 0:03:49]} 8. O-O {[%emt 0:00:04]} O-O {[%emt 0:03:05]} 9. Qf3 {[%emt 0:08:28]} d6 {[%emt 0:02:58]} 10. Na4 {[%emt 0:03:40]} Nbd7 {[%emt 0:06:38]} 11. a3 {[%emt 0:00:57]} Bc5 {[%emt 0:00:32]} 12. b4 {[%emt 0:08:32]} Bxd4 {[%emt 0:17:08]} 13. Bxd4 {[%emt 0:00:04]} b5 {[%emt 0:00:11]} 14. Bxf6 {[%emt 0:06:00]} Nxf6 {[%emt 0:01:09]} 15. e5 {[%emt 0:01:34]} Bb7 {[%emt 0:02:55]} 16. Qg3 {[%emt 0:03:12]} dxe5 {[%emt 0:00:25]} 17. Nc5 {[%emt 0:00:02]} Bd5 {[%emt 0:03:25]} 18. Rae1 {[%emt 0:00:30]} Nh5 {[%emt 0:18:40]} 19. Qxe5 {[%emt 0:08:21]} Qxe5 {[%emt 0:00:07]} 20. Rxe5 {[%emt 0:00:04]} Nf4 {[%emt 0:00:14]} 21. Be4 {[%emt 0:07:22]} Rfd8 {[%emt 0:10:43]} 22. g3 {[%emt 0:00:50]} Ne2+ {[%emt 0:05:08]} 23. Kg2 {[%emt 0:00:04]} Nc3 {[%emt 0:00:33]} 24. Bxd5 {[%emt 0:01:05]} Rxd5 {[%emt 0:03:40]} 25. Re3 {[%emt 0:00:37]} Nd1 {[%emt 0:01:16]} 26. Rb3 {[%emt 0:03:56]} a5 {[%emt 0:02:26]} 27. Kf3 {[%emt 0:03:36]} a4 {[%emt 0:03:14]} 28. Rd3 {[%emt 0:00:44]} Nb2 {[%emt 0:02:13]} 29. Rxd5 {[%emt 0:00:23]} exd5 {[%emt 0:00:00]} 30. Ra1 {[%emt 0:01:49]} Nc4 {[%emt 0:00:39]} 31. Ke2 {[%emt 0:01:35]} Kf8 {[%emt 0:00:51]} 32. Kd3 {[%emt 0:00:06]} Ke7 {[%emt 0:00:47]} 33. Kd4 {[%emt 0:00:39]} Kd6 {[%emt 0:00:09]} 34. Nd3 {[%emt 0:01:57]} Re8 {[%emt 0:00:46]} 35. h4 {[%emt 0:01:41]} Re4+ {[%emt 0:00:17]} 0-1

[Event "II Duchamp Open 2018"]
[Site "Rio de Janeiro"]
[Date "2018.11.17"]
[Round "4"]
[White "Teixeira, Ricardo Da Silva"]
[Black "Manzi, Luiz Antonio Bardar"]
[Result "0-1"]
[WhiteElo "2239"]
[BlackElo "2047"]
[Annotator "NA"]
[PlyCount "78"]
[EventDate "2018.11.14"]
[EventType "swiss"]
[EventCountry "BRA"]
[SourceTitle "playchess.com"]
[Source "ChessBase"]
[SourceQuality "1"]
[TimeControl "5400+30"]

1. c4 {[%emt 0:16:24]} e6 {[%emt 0:00:00]} 2. Nc3 {[%emt 0:02:21]} d5 {[%emt 0:01:48]} 3. d4 {[%emt 0:00:17]} Nf6 {[%emt 0:01:12]} 4. Bg5 {[%emt 0:01:14]} Be7 {[%emt 0:01:54]} 5. Nf3 {[%emt 0:00:41]} Nbd7 {[%emt 0:02:36]} 6. e3 {[%emt 0:00:20]} O-O {[%emt 0:03:08]} 7. Rc1 {[%emt 0:00:41]} a6 {[%emt 0:05:37]} 8. cxd5 {[%emt 0:04:28]} exd5 {[%emt 0:00:51]} 9. Bd3 {[%emt 0:00:03]} c5 {[%emt 0:06:37] D63: Queen's Gambit Declined: Classical: 7 Rc1} 10. O-O {[%emt 0:03:27]} c4 {[%emt 0:02:21]} 11. Bb1 {[%emt 0:00:08]} b5 {[%emt 0:00:35]} 12. Ne5 {[%emt 0:00:39]} Bb7 {[%emt 0:01:31]} 13. Qf3 $146 {[%emt 0:10:54]} ({Predecessor:} 13. Qc2 g6 14. f4 Ne4 15. Bh6 Re8 16. f5 Nxe5 17. dxe5 {0-1 (35) Gunina,V (2471)-Munguntuul,B (2410) Moscow 2011}) 13... b4 {[%emt 0:08:07]} 14. Qh3 {[%emt 0:10:18]} Re8 {[%emt 0:17:42]} 15. Nxd7 {[%emt 0:00:51]} Qxd7 {[%emt 0:00:06]} 16. Bf5 {[%emt 0:00:14]} Qc6 {[%emt 0:02:15]} 17. Bxf6 {[%emt 0:02:12]} Bxf6 {[%emt 0:00:50]} 18. Ne2 {[%emt 0:03:26]} g6 {[%emt 0:00:31]} 19. Bd7 {[%emt 0:00:25]} Qd6 {[%emt 0:01:04]} 20. Bxe8 {[%emt 0:00:19]} Rxe8 {[%emt 0:00:07]} 21. Qf3 {[%emt 0:04:35]} Kg7 {[%emt 0:00:23]} 22. b3 {[%emt 0:07:24]} c3 {[%emt 0:02:02]} 23. a3 {[%emt 0:00:02]} a5 {[%emt 0:00:45]} 24. axb4 {[%emt 0:00:19]} axb4 {[%emt 0:00:08]} 25. Ra1 {[%emt 0:00:02]} Ba6 {[%emt 0:00:27]} 26. Ra5 {[%emt 0:00:31]} ({White should play} 26. Rfd1 $16) 26... Qb6 {[%emt 0:04:37]} 27. Rfa1 {[%emt 0:02:53]} Bxe2 {[%emt 0:00:26]} 28. Qxe2 {[%emt 0:00:14]} Qxd4 {[%emt 0:00:07]} 29. Qb5 {[%emt 0:04:16]} Rxe3 {[%emt 0:00:44]} 30. fxe3 {[%emt 0:03:35]} Qxe3+ {[%emt 0:00:08]} 31. Kh1 {[%emt 0:00:19]} c2 {[%emt 0:00:27]} 32. Qf1 {[%emt 0:00:04]} Bxa1 {[%emt 0:01:28]} 33. Qxa1+ {[%emt 0:00:09]} Qc3 {[%emt 0:00:09]} 34. Qc1 {[%emt 0:03:19]} d4 {[%emt 0:00:06]} 35. h3 $19 {[%emt 0:04:04]} d3 {[%emt 0:00:18]} 36. Rd5 {[%emt 0:00:59]} Qxb3 {[%emt 0:00:06]} 37. Qg5 {[%emt 0:01:02]} Qxd5 {[%emt 0:00:18]} 38. Qxd5 {[%emt 0:00:02]} c1=Q+ {[%emt 0:00:15]} 39. Kh2 {[%emt 0:00:16]} Qc3 {[%emt 0:00:10]} 0-1

[Event "II Duchamp Open 2018"]
[Site "Rio de Janeiro"]
[Date "2018.11.17"]
[Round "4"]
[White "Viana, Dirceu"]
[Black "Souza Neves, Andrey M."]
[Result "1-0"]
[WhiteElo "2201"]
[BlackElo "2074"]
[Annotator "NA"]
[PlyCount "73"]
[EventDate "2018.11.14"]
[EventType "swiss"]
[EventCountry "BRA"]
[SourceTitle "playchess.com"]
[Source "ChessBase"]
[SourceQuality "1"]
[TimeControl "5400+30"]

1. c4 {[%emt 0:00:26]} e6 {[%emt 0:00:03]} 2. Nf3 {[%emt 0:01:46]} d5 {[%emt 0:00:26]} 3. e3 {[%emt 0:00:22]} Nf6 {[%emt 0:00:47]} 4. b3 {[%emt 0:00:30]} Be7 {[%emt 0:04:11]} 5. Bb2 {[%emt 0:00:03]} O-O {[%emt 0:00:15]} 6. Nc3 {[%emt 0:04:14]} c5 {[%emt 0:02:33]} 7. cxd5 {[%emt 0:01:38]} Nxd5 {[%emt 0:06:28]} 8. Nxd5 {[%emt 0:00:21] A13: English Opening: 1...e6} (8. h4 b6 9. Qb1 h6 10. g4 Bb7 11. Rh3 Nd7 12. g5 h5 13. Bd3 Nb4 14. Bh7+ Kh8 15. Be4 Nd5 {1-0 (24) Nepomniachtchi,I (2768)-Bacrot,E (2678) Batumi 2018}) 8... exd5 {[%emt 0:00:26]} 9. Be2 {[%emt 0:03:40]} d4 {[%emt 0:02:23]} 10. Qb1 {[%emt 0:15:34]} Bf6 {[%emt 0:06:08]} 11. O-O {[%emt 0:01:29]} Nc6 {[%emt 0:05:04]} 12. Bd3 $146 {[%emt 0:13:16]} ({Predecessor:} 12. Bb5 Bd7 13. Rc1 b6 14. Bd3 g6 15. exd4 cxd4 16. Be4 Rc8 17. d3 Re8 18. Rc4 b5 19. Rc2 Qb6 20. Qd1 Nb4 21. Rxc8 Rxc8 22. a3 Nc6 {½-½ (22) Makarichev,S (2500)-Speelman,J (2470) Hastings 1979}) 12... g6 {[%emt 0:03:45]} 13. Be4 {[%emt 0:00:10]} Bd7 {[%emt 0:02:44]} 14. Rc1 {[%emt 0:03:46]} Qb6 {[%emt 0:04:21]} 15. Qc2 {[%emt 0:08:31]} Be7 {[%emt 0:07:23]} 16. exd4 {[%emt 0:06:00]} cxd4 {[%emt 0:01:31]} 17. Bxc6 {[%emt 0:02:18]} Bxc6 {[%emt 0:04:15]} 18. Nxd4 {[%emt 0:03:14]} Bd5 {[%emt 0:12:59]} 19. Qc7 {[%emt 0:06:31]} Bf6 {[%emt 0:02:54]} 20. Qxb6 {[%emt 0:04:58]} axb6 {[%emt 0:00:47]} 21. Bc3 {[%emt 0:00:03]} Rfe8 {[%emt 0:06:07]} 22. Nb5 {[%emt 0:01:41]} Bxc3 {[%emt 0:06:42]} 23. dxc3 {[%emt 0:00:42]} Rad8 {[%emt 0:07:56]} 24. Re1 {[%emt 0:04:19]} Be6 {[%emt 0:02:51]} 25. Nd4 {[%emt 0:02:36]} Re7 {[%emt 0:01:53]} 26. Kf1 {[%emt 0:01:08]} Kg7 {[%emt 0:03:26]} 27. Rad1 {[%emt 0:01:52]} Ra8 {[%emt 0:02:38]} 28. a4 {[%emt 0:01:10]} b5 {[%emt 0:01:48]} 29. axb5 {[%emt 0:00:47]} Ra2 {[%emt 0:00:15]} 30. Nxe6+ {[%emt 0:02:39]} Rxe6 {[%emt 0:00:49]} 31. Rxe6 {[%emt 0:00:02]} fxe6 {[%emt 0:00:08]} 32. Rd7+ {[%emt 0:00:17]} Kf6 {[%emt 0:00:22]} 33. Rxh7 {[%emt 0:01:15]} e5 {[%emt 0:01:02]} 34. Rxb7 {[%emt 0:00:16]} e4 {[%emt 0:00:05]} 35. b6 {[%emt 0:01:44]} Ra1+ {[%emt 0:01:19]} 36. Ke2 {[%emt 0:00:21]} Ra2+ $18 {[%emt 0:00:27]} 37. Ke3 {[%emt 0:00:25]} 1-0

[Event "II Duchamp Open 2018"]
[Site "Rio de Janeiro"]
[Date "2018.11.17"]
[Round "4"]
[White "Souza, Wellington"]
[Black "Reis, Virginia Lagrange M"]
[Result "1/2-1/2"]
[WhiteElo "2120"]
[BlackElo "1750"]
[Annotator "NA"]
[PlyCount "58"]
[EventDate "2018.11.14"]
[EventType "swiss"]
[EventCountry "BRA"]
[SourceTitle "playchess.com"]
[Source "ChessBase"]
[SourceQuality "1"]
[TimeControl "5400+30"]

1. d4 {[%emt 0:00:00]} Nf6 {[%emt 0:00:00]} 2. c4 {[%emt 0:00:00]} c5 {[%emt 0:00:11]} 3. e3 {[%emt 0:00:06]} cxd4 {[%emt 0:00:24]} 4. exd4 {[%emt 0:00:03]} d5 {[%emt 0:00:25]} 5. cxd5 {[%emt 0:02:03]} Nxd5 {[%emt 0:00:35]} 6. Nc3 {[%emt 0:01:03]} Nc6 {[%emt 0:02:19]} 7. Bb5 {[%emt 0:02:41]} e6 {[%emt 0:04:20]} 8. Nf3 {[%emt 0:00:34]} Be7 {[%emt 0:03:07]} 9. O-O {[%emt 0:04:33]} O-O {[%emt 0:00:28]} 10. Bd3 {[%emt 0:07:15]} Nf6 {[%emt 0:03:53]} 11. a3 {[%emt 0:02:57]} b6 {[%emt 0:03:53]} 12. Be3 {[%emt 0:04:56]} Bb7 {[%emt 0:02:03]} 13. Rc1 {[%emt 0:01:09]} Rc8 {[%emt 0:01:22]} 14. Bb1 {[%emt 0:03:05]} Ba6 {[%emt 0:03:36]} 15. Re1 {[%emt 0:00:18]} Qd7 {[%emt 0:01:38]} 16. Qc2 {[%emt 0:04:06]} g6 {[%emt 0:02:28]} 17. Red1 {[%emt 0:01:12]} Rfd8 {[%emt 0:01:49]} 18. b4 {[%emt 0:03:57]} Bb7 {[%emt 0:02:13]} 19. Qe2 {[%emt 0:02:35]} Qe8 {[%emt 0:04:06]} 20. h3 {[%emt 0:01:11]} Rd7 {[%emt 0:01:56]} 21. Bd3 {[%emt 0:03:29]} Nd5 {[%emt 0:05:02]} 22. Ne4 {[%emt 0:03:28]} Nxe3 {[%emt 0:02:29]} 23. Qxe3 {[%emt 0:02:17]} Qd8 {[%emt 0:04:50]} 24. Bc4 {[%emt 0:05:13]} Kg7 {[%emt 0:05:29]} 25. Qc3 {[%emt 0:09:20]} Bf6 {[%emt 0:19:48]} 26. Nxf6 {[%emt 0:00:50]} Qxf6 {[%emt 0:00:04]} 27. Qe3 {[%emt 0:01:15]} Rcd8 {[%emt 0:04:20]} 28. Bb5 {[%emt 0:00:43]} Rd6 {[%emt 0:00:54]} 29. Bxc6 {[%emt 0:02:36]} Bxc6 {[%emt 0:02:41]} 1/2-1/2